000 01337naa a22003377a 4500
001 BR7703490
003 BR-BrBNA
005 20240918174015.0
007 ta
008 230509b bl.||||| |||| 00| 0 por d
040 _aBR-BrBNA
_bpor
_cBiblioteca Nacional de Agricultura
041 _a(Pt)
072 _aS10
_b9250
_b0336
_b9220
_b9230
090 _aS10 BR7703490
100 1 _aCamargo, C.
100 1 _aEl-Dash, A.A.
111 1 _aReuniao Regional Sul da Sociedade Brasileira para o Progresso da Ciencia
_cFlorianopolis, SC (Brazil)
_d9 May 1977
245 1 _aInfluencia da farinha de soja desengordurada nas propriedades reologicas da massa e na qualidade do pao [Soja; Glycine max; Massa; Valor nutritivo]
260 3 _aFlorianopolis, SC (Brasil):
_c1977.
500 _aReuniao Regional Sul da Sociedade Brasileira para o Progresso da Ciencia. Resumos Florianopolis, SC (Brasil): 1977. p. 113 (BR7703490-AM)S10
650 _aComposicao de alimento
650 _aFarinha
650 _aSoja
650 _aMassa
650 _aPao
650 _aFarinha de trigo
650 _aAnalise de alimento
773 0 _tReuniao Regional Sul da Sociedade Brasileira para o Progresso da Ciencia. Resumos
_wS10 BR7703490
_gFlorianopolis, SC (Brasil), 1977. p. 113
909 _a202404
_bLucia
_c55
_dLucia Elande
942 _cAM
_2AGRIS
999 _c308288
_d308288